Desserts from 'W' - Statistics

General Stats
  • This quiz has been taken 22 times
  • The average score is 2 of 16
Answer Stats
Picture Answer % Correct
Waffle
100%
Walnut Pie
48%
Whoopie Pie
43%
Welsh Cake
14%
Windbeutel
5%
Wacky Cake
0%
Wajik
0%
Warabimochi
0%
Wasanbon
0%
Watalappam
0%
Welfenspeise
0%
Wheelcake
0%
White Christmas
0%
White Sugar Sponge Cake
0%
Wine Cake
0%
Wuzetka
0%
No matching quizzes found
Score Distribution
Percent of People with Each Score
Percentile by Number Answered
Your Score History
You have not taken this quiz